Creating the built environment : an introduction to the practicalities of designing, constructing, and owning buildings / (Record no. 8512)

MARC details
000 -LEADER
fixed length control field 00909nac a22002051u 4500
020 ## - INTERNATIONAL STANDARD BOOK NUMBER
International Standard Book Number 0419208208 (pbk. : acid free paper)
082 00 - DEWEY DECIMAL CLASSIFICATION NUMBER
Classification number 690
Item number HOL
090 ## - LOCALLY ASSIGNED LC-TYPE CALL NUMBER (OCLC); LOCAL CALL NUMBER (OCLC)
-- 8512
-- 8512
100 ## - MAIN ENTRY--PERSONAL NAME
Personal name Holes, Leslie.
245 10 - TITLE STATEMENT
Title Creating the built environment : an introduction to the practicalities of designing, constructing, and owning buildings /
Remainder of title an introduction to the practicalities of designing, constructing, and owning buildings /
Statement of responsibility, etc Leslie Holes.
260 ## - PUBLICATION, DISTRIBUTION, ETC. (IMPRINT)
Place of publication, distribution, etc London ;
-- New York :
Name of publisher, distributor, etc E & FN Spon,1997.
Date of publication, distribution, etc c1997.
300 ## - PHYSICAL DESCRIPTION
Extent xviii, 411 p. :
Other physical details ill. ;
Dimensions 24 cm.
500 ## - GENERAL NOTE
General note Distributer: Al-Ahram
504 ## - BIBLIOGRAPHY, ETC. NOTE
Bibliography, etc Includes bibliographical references and index.
511 ## - PARTICIPANT OR PERFORMER NOTE
Participant or performer note Catalogued by: Sara
650 #0 - SUBJECT ADDED ENTRY--TOPICAL TERM
Topical term or geographic name as entry element Building.
650 #0 - SUBJECT ADDED ENTRY--TOPICAL TERM
Topical term or geographic name as entry element Buildings.
856 42 - ELECTRONIC LOCATION AND ACCESS
Materials specified Publisher description
Uniform Resource Identifier <a href="http://www.loc.gov/catdir/enhancements/fy0651/96070573-d.html">http://www.loc.gov/catdir/enhancements/fy0651/96070573-d.html</a>
942 ## - ADDED ENTRY ELEMENTS (KOHA)
Item type Book - Borrowing
Call number prefix 690HOL
Holdings
Withdrawn status Item status Damaged status Not for loan Home library Current library Shelving location Date acquired Source of acquisition Total Checkouts Full call number Barcode Date last seen Koha item type
        Central Library Central Library First floor 08/03/2011 Purchase   690HOL 000010308 15/07/2025 Book - Borrowing